NBA 2018-19 November Players 10 Assists Games - Statistics

General Stats
  • This quiz has been taken 17 times
  • The average score is 27 of 38
Answer Stats
Player Team % Correct
Kyle Lowry Raptors 7
100%
Russell Westbrook Thunder 6
100%
James Harden Rockets 5
94%
Jrue Holiday Pelicans 6
94%
Kyrie Irving Celtics 4
94%
Trae Young Hawks 6
94%
Ben Simmons 76ers 4
88%
Chris Paul Rockets 3
88%
Damian Lillard Trail Blazers 2
88%
De'Aaron Fox Kings 5
88%
Giannis Antetokounmpo Bucks 1
88%
John Wall Wizards 5
88%
Ricky Rubio Jazz 2
88%
Bradley Beal Wizards 1
82%
Devin Booker Suns 2
82%
Draymond Green Warriors 1
82%
Kevin Durant Warriors 2
82%
Lonzo Ball Lakers 1
82%
Mike Conley Grizzlies 3
82%
Nikola Jokic Nuggets 3
82%
Jeff Teague Timberwolves 2
76%
Victor Oladipo Pacers 1
76%
Darren Collison Pacers 2
71%
Dennis Schroder Thunder 1
71%
Eric Bledsoe Bucks 1
71%
D'Angelo Russell Nets 1
65%
Joel Embiid 76ers 1
65%
Kemba Walker Hornets 1
65%
Marcus Smart Celtics 1
65%
Blake Griffin Pistons 1
59%
Rajon Rondo Lakers 1
59%
Lou Williams Clippers 2
53%
Julius Randle Pelicans 1
41%
Trey Burke Knicks 1
41%
J.J. Barea Mavericks 1
24%
Tim Frazier Pelicans 1
24%
Jeremy Lin Hawks 1
18%
Monte Morris Nuggets 1
18%
No matching quizzes found
Score Distribution
Percent of People with Each Score
Percentile by Number Answered
Your Score History
You have not taken this quiz